000 00529nam a22001937a 4500
003 OSt
005 20160816141139.0
008 160816b xxu||||| |||| 00| 0 eng d
020 _a9780470174593
040 _cDDC.
082 _a005.1SOS 2008.
100 _aSosinsky,Barrie;
_910695
245 _aWindows server 2008.
_bImplementation and Administration.
260 _aIndianapolis;
_bwiley Publishing,
_c2008.
300 _a356p;
_bill;
_c26cm.
504 _aincludes index.
650 _aServer.
_910696
942 _2ddc
_cO_SHELF
999 _c4998
_d4998